LIBRARY & INFORMATION CENTRE, KCAET, TAVANUR

ONLINE PUBLIC ACCESS CATALOGUE (OPAC)

Postharvest Management and Value Addition (Record no. 14654)

MARC details
000 -LEADER
fixed length control field 00375nam a22001457a 4500
020 ## - INTERNATIONAL STANDARD BOOK NUMBER
ISBN 8170354544
082 ## - DEWEY DECIMAL CLASSIFICATION NUMBER
Classification number 631.56
Item number GOE/PO
245 ## - TITLE STATEMENT
Title Postharvest Management and Value Addition
260 ## - PUBLICATION, DISTRIBUTION, ETC. (IMPRINT)
Place of publication Delhi
Name of publisher Daya Publishing House
Year of publication 2007
300 ## - PHYSICAL DESCRIPTION
Number of Pages 317
700 ## - ADDED ENTRY--PERSONAL NAME
Personal name Goel,Ashwani K
700 ## - ADDED ENTRY--PERSONAL NAME
Personal name Rajinder Kumar
700 ## - ADDED ENTRY--PERSONAL NAME
Personal name Mann,Satwinder S.
942 ## - ADDED ENTRY ELEMENTS (KOHA)
Koha item type Books
Holdings
Withdrawn status Lost status Damaged status Collection code Home library Current library Shelving location Date acquired Source of acquisition Cost, normal purchase price Full call number Accession Number Koha item type
        KAUAET KAUAET General Stacks 23/07/2016 Universal Research Books. 800.00 631.56 GOE/PO 24304 Books
        KAUAET KAUAET   07/10/2022     631.56 GOE/PO 21600 Books
free website counter